MDQL
is popping MORE tags! Check the
thread
!
Quizzes
Events
Quiz Creation
Community
Videos
Private Events
Remove Ads
Sign In
Join for FREE
Feedback
Dark Mode
Quiz Categories
Sports
Geography
Music
Movies
Television
Just For Fun
Miscellaneous
History
Literature
Language
Science
Gaming
Entertainment
Religion
Holiday
For Kids
Quiz Lab
Recent
Popular Today
Quiz Kudos Today
Editor Picks
Curator Picks
Quizzes by...
Day
Popularity
Type
Ratings
Length
Year
Community
Subscriptions
Recent Discussions
Orange Saloon
Badges
Playlists
Quests
Create
Leaderboards
Showdown
Live 5
Trivia Bingo
Activity
Puzzle Library
Sporcle Events
Private Events
Virtual Trivia
Globe League
Become a Host
Pub Owners
SporcleCon
Opinionation
Our Games
Videos
Blog
Mobile Apps
Partnerships
Remove Ads and Go Orange
Feedback
Miscellaneous
Crossword
General Knowledge
Baby Names
Logo
Food
Cars
Numbers
Grab Bag
University
College
Popular
Company
Slogans
Restaurants
Justice
Letter
Miscellaneous
Crossword
General Knowledge
Baby Names
Logo
Food
Cars
Numbers
Grab Bag
University
College
Popular
Company
Slogans
Restaurants
Justice
Letter
Random Quiz
Search Sporcle
×
Quiz Lab
Quiz Lab
Miscellaneous
2016
Click on answers out of a set of options
Click on answers out of a set of options
Multiple Choice
Best Score? Go Orange.
Presidential candidates 2016 Stats
Can you choose the Presidential candidates 2016?
By
wisniewskifam
60s
4 Questions
34 Plays
34 Plays
34 Plays
Comments
Comments
Give Quiz Kudos
Give Quiz Kudos
-
- Ratings
hide this ad
Forced Order
Questions have to be entered in order without skipping
Questions have to be entered in order without skipping
Minefield
Wrong answers will end the quiz
Wrong answers will end the quiz
Random Order
Randomize order of answers
Randomize order of answers
Replay
Link that replays current quiz
Next Quiz
Link to next quiz in quiz playlist
You Got
0%
They Got
Avg Score
71%
Avg Friend Score
Upgrade to see
Score Distribution
Jump to the score distribution portion of the page
Score
0/4
Timer
01:00
0
Plays Today
Question
Answer
Wrong Answers
Green Party Candidate
???
85.3%
???
0%
???
2.9%
???
0%
Libertarian Candidate
???
70.6%
???
2.9%
???
0%
???
0%
Republican Candidate
???
67.6%
???
5.9%
???
5.9%
???
0%
Democratic Candidate
???
61.8%
???
0%
???
8.8%
???
11.8%
Quiz Playlist
Details
Report
Send in Message
Add To Playlist
Multiple Choice:
Click on answers out of a set of options
Forced Order:
Questions have to be entered in order without skipping
Minefield:
Wrong answers will end the quiz
Random Order:
Randomize order of answers
Last Updated: Feb 16, 2017
Quiz Scoreboard
CHALLENGE
Sign Up to Join the Scoreboard
Show All
Scores
Hide
Comments
May contain spoilers
Recently Published
Image Sorting: Flags VI
by Barbecue
Geography
2m
Find the 'City' Movie
by crazypaving
Movies
60s
Colored Red Africa Blitz
by spor1
Geography
45s
More to Explore
Quiz From the Vault
Featured Blog Post
14 Easter Pick-up Lines to Find Eggs With
hide this ad
You Might Also Like...
Tags
2016
candidate
Today's Top Quizzes in Miscellaneous
Browse Miscellaneous
hide this ad
Today's Top Quizzes in 2016
Browse 2016
Top Contributed Quizzes in Miscellaneous
1
The JOE quick-fire general knowledge quiz: Day 174
2
5-to-1: Fast Food
3
9x9 Crossword: Disney Movie Titles
4
9x9 Crossword: Charlie and the Chocolate Factory
5
The JOE quick-fire general knowledge quiz: Day 173
6
9x9 Crossword: Actors
7
9x9 Crossword: 2022 Movies
8
9x9 Crossword: The Simpsons
9
9x9 Crossword: Flags
10
9x9 Crossword: Pixar Movie Titles
Explore More
Trending Topics
Kpop
Crossword
Harry Potter
Anime
NBA
Marvel
Disney
Soccer
Country
Song
The Office
WWE
Puzzle
Pokémon
NFL
hide this ad
More By:
wisniewskifam
Quiz
Plays
Rating
Category
Featured
Created
World Cup Winning Countries
77
1.00
Sports
Oct 11, 2016
College Mascots
45
Entertainment
Oct 10, 2016
Presidential candidates 2016
34
1.50
Miscellaneous
Oct 9, 2016
US states capitals
19
1.25
Geography
Oct 10, 2016
Go to Creator's Profile
Score Distribution
Quiz Creator Spotlight
wisniewskifam
Follow
Send a Message
Quizzes Created
-
Created Quiz Play Count
-
More By This Creator
Popular Quizzes Today
1
Colored Red Africa Blitz
2
Find the US States - No Outlines Minefield
3
Find the 'City' Movie
4
5x2 Blitz: Bands
5
The Countries of the World
6
Find the US States
7
Find the Countries of Europe - No Outlines Minefield
8
US States
More Miscellaneous Quizzes
Motor Vehicle Manufacturer or Not?
Curator's Pick
Trending Quizzes
Colored Red Europe Blitz I
Colored Red Europe Blitz II
Colored Red Africa Blitz II
Colored Red Europe Blitz III
Colored Red Africa Blitz III
Recently Updated
How Do You Spell That?
pecheneg
Godzilla Movies
pecheneg
Grab Bag: 4-10 Letters
pecheneg
2024 March Madness Bracket
pecheneg
Famous TV Couples
Peacemaker
Champions League XIs: Real Madrid
pecheneg
Largest US Cities 1790-2010
pecheneg
Rides in Walt Disney World
pecheneg
Most Oscar Losses (Acting)
pecheneg
Beyoncé Albums
pecheneg
Trending Topics
Marvel
Disney
Crossword
Kpop
Harry Potter
NBA
Anime
WWE
The Office
Country
Soccer
Puzzle
NFL
Pokémon
Song
Your Account Isn't Verified!
In order to create a playlist on Sporcle, you need to verify the email address you used during registration. Go to your
Sporcle Settings
to finish the process.
Report this User
Report this user for behavior that violates our
Community Guidelines
.
Details:
Send Report
Go to the Sporcle.com Mobile Site →
Comments